Urážky, pomluvy, nactiutrhání ochrana cti v československém trestním právu

Bibliographic Details
Main Author: Vojáček, Ladislav, 1952- (Author)
Format: Book
Language:Czech
PhysicalDescription:503 s. 21 cm
Published: Praha Eurolex Bohemia 2006
ISBN:8086861511
Edition:1. vyd.
Subjects:

MARC

LEADER 00000nam a2200000 a 4500
001 vtls008826559
003 SK-MaSNL
005 20260311141552.0
008 240314s2006 xr ln 000 0 cze
015 |a SNBZSA2007-00220 
020 |a 8086861511  |q (brož.) 
035 |a urn:nbn:sk:snk-am00a0jy 
035 |a urn:nbn:sk:snk-am3hc9s 
035 |a D862FF93-DCAF-4639-9D3F-4CA1B0270AED 
040 |a SNK  |b slo  |c SNK  |e AACR2 
041 0 |a cze 
043 |a e-cs--- 
044 |a xr  |c CZ 
072 7 |a 343  |x Trestné právo  |2 konspekt 
080 |a 343  |x (437)  |2 2201 
080 |a 343.632  |2 2001 
080 |a 343.631  |2 MDT-MRF 
080 |a (437)  |2 MDT-MRF 
080 |a (048.8)  |2 MDT-MRF 
100 1 |a Vojáček, Ladislav,  |d 1952-  |4 aut  |9 11809 
245 1 0 |a Urážky, pomluvy, nactiutrhání  |b ochrana cti v československém trestním právu  |c Ladislav Vojáček 
250 |a 1. vyd. 
260 |a Praha  |b Eurolex Bohemia  |c 2006 
300 |a 503 s.  |c 21 cm 
500 |a Chronologický prehľad 
504 |a Bibliogr. s. 475-484. Bibliogr. odkazy 
650 0 7 |a trestné právo  |2 snkph  |9 984 
650 0 7 |a trestné právo  |x dejiny  |2 snkph  |9 419202 
650 0 7 |a urážka na cti  |2 svkpo  |9 4573 
650 0 7 |a ohováranie  |2 snkph  |9 571313 
651 7 |a Československo  |2 SNK  |9 21376 
655 7 |a monografie  |2 snkph  |9 70139 
919 |a 80-86861-51-1 
958 |a ZS 
958 |a NB 
958 |a OND 
999 |c 996549  |d 998479 
952 |a SNK  |b SNK  |y PREZ  |7 0  |p 17A0528738  |o snkSC 125721  |i snk2006/24243  |8 4  |g 21.84  |0 0  |1 0  |4 0  |d 2006-10-23  |f 1  |l 0  |r 2025-06-11 00:00:00  |w 2026-02-24 
952 |t snkVOJ 343  |a SNKUST  |b SNKUST  |y PREZ  |7 0  |p 17A0535144  |o snkSC 125721 D1  |i snk2007/2271  |8 4  |g 26.36  |0 0  |1 0  |4 0  |d 2006-12-06  |l 0  |r 2025-05-28 00:00:00  |w 2026-02-24